| 000 | 00587nam a2200217 a 4500 | ||
|---|---|---|---|
| 005 | 20140310183517.0 | ||
| 008 | 110128s19uu xx 00 eng d | ||
| 020 | _a9789810697266 | ||
| 050 |
_aHD 58.7 _b.R632 2009 |
||
| 100 | _aRobbins, Stephen | ||
| 245 |
_aOrganizational Behavior. / _cStephen P. Robbins |
||
| 250 | _a13th | ||
| 260 |
_aSingapore : _bPearson education, _c2009. |
||
| 300 |
_a760 p. : _bill. ; _c25 cm. |
||
| 521 | _aBSBA | ||
| 650 | _aOrganizational behavior. | ||
| 700 | _aTimothy A. Judge | ||
| 942 |
_cBK _2lcc _kFOR |
||
| 999 |
_c24329 _d24329 |
||